[Event "ISR-Kasparov handicap"]
[Site "Tel Aviv"]
[Date "1998.05.19"]
[Round "1.3"]
[White "Kasparov, Garry"]
[Black "Smirin, Ilia"]
[Result "1/2-1/2"]
[WhiteElo "2820"]
[BlackElo "2595"]
[Annotator "Har Zvi,R"]
[PlyCount "77"]
[EventDate "1998.05.19"]
[EventType "simul"]
[EventRounds "2"]
[EventCountry "ISR"]
[SourceTitle "CBM 065"]
[Source "ChessBase"]
[SourceDate "1998.08.06"]
[SourceVersion "1"]
[SourceVersionDate "1998.08.06"]
[SourceQuality "1"]

{This was the most interesting game in the entire match,it was the only game
that Kasparov was really in great danger of losing,but of course managaed to
avoid that too} 1. e4 c5 2. Nf3 e6 3. d4 cxd4 4. Nxd4 a6 5. Nc3 b5 6. Bd3 Qb6
7. Nb3 (7. Be3 $6 Bc5) 7... Qc7 8. O-O (8. a4 b4 9. Ne2 Bb7 10. Ned4 Nf6 11.
Qe2 Nc6 12. Nxc6 Bxc6 13. e5 Ng8 14. O-O Ne7 15. Bg5 Ng6 16. Rfe1 Bb7 17. Rad1
h6 18. Bd2 Be7 19. Qg4 h5 20. Qc4 Rc8 $36 {Svidler,P-Ehlvest,J/EU-chTM 1997/
EXP 57/1/2-1/2 (47)}) (8. Be3 Bb7 9. O-O d6 10. a3 Nd7 11. f4 Ngf6 12. Qe2 Be7
13. Rae1 O-O $13 {Kaminski,U-Kveinys,A/Dresden op 1996/1/2-1/2 (49)}) (8. f4 d6
9. Qf3 Nd7 10. O-O Ngf6 11. Bd2 b4 $5 (11... Be7 12. Rae1 Bb7 (12... O-O $2 13.
e5 $1 Bb7 14. Qh3 dxe5 15. fxe5 Nxe5 16. Rxe5 Qxe5 17. Rxf6 $16) 13. Qh3 $14) (
11... Bb7 12. a4 b4 13. Nd1 Nc5 14. Nf2 $14) 12. Nd1 Bb7 13. Nf2 (13. Bxb4 $2
Qb6+) (13. Ne3 a5 $13) 13... a5 14. c3 $6 (14. g4 $5 Nb6 (14... h6 15. c3 $1
$14) (14... Nc5 15. Bb5+ (15. Nxc5 Qxc5 16. Be3 Qc6 17. g5 Nd7 $13 18. Bd4 $6
e5 19. fxe5 dxe5 20. Be3 Bc5 $11) 15... Bc6 (15... Nfd7 16. Nxc5 Qxc5 17. Bxd7+
Kxd7 18. c3 $16) 16. e5 (16. Bxc6+ Qxc6 17. g5 Nfd7 18. Nd4 Qb7 $13) 16... Nd5
17. Bxc6+ Qxc6 $13) 15. g5 Nfd7 $13) (14. a3 $5 a4 (14... d5 15. axb4 Bxb4 16.
Bxb4 axb4 17. e5 $16) (14... bxa3 15. Rxa3 a4 16. Rfa1 Nb6 17. Bb5+ $16) 15.
Nd4 bxa3 16. Nb5 Qc6 $14) 14... bxc3 15. Bxc3 Be7 16. Rac1 Qb6 $1 17. g4 $6 (
17. Bd4 Qd8 $13 {/\ 18...e5, 18...a4} (17... Nc5 18. Rc4 a4 19. Nxc5 dxc5 20.
Be5 O-O $14)) 17... a4 18. Bd4 (18. Nd4 Nc5 19. Bb5+ Nfd7 $13 20. b4 $6 axb3
21. axb3 Bf6 22. b4 $2 Nxe4 $1 $17) 18... Qd8 (18... Nc5 19. Nxc5 dxc5 20. Bc3
O-O 21. g5 Nd7 $14) 19. Nd2 O-O 20. g5 Ne8 $13 {0-1 Shirov,A-Svidler,P/Fontys
1997/CBM 61/[Svidler] (35)}) (8. Qe2 Bb7 9. Bd2 b4 10. Nd1 Nf6 11. f4 Nc6 12.
Nf2 d6 13. O-O Be7 14. Rae1 $14 {1/2-1/2 Mortensen,E-Kengis,E/Koge op 1997/CBM
60/[Mortensen,E] (41)}) 8... Nf6 (8... Bb7 9. Bd2 (9. f4 d6 10. Qe2 Nd7 (10...
Nf6 $13 11. e5 dxe5 (11... b4) 12. fxe5 $40) 11. Bd2 Ngf6 $11 {0-1 Wang
Zili-Yakovich,Y/ST Lee Cup 4th 1997/CBM 61/[Ribli] (46)}) (9. a4 b4 10. Ne2 Nf6
11. Bf4 e5 12. Be3 d5 13. f3 Nbd7 14. Ng3 g6 $15 {0-1 Leiber,B-Kengis,E/Bad
Zwesten op 1997/EXP 57 (30)}) (9. Qe2 Nc6 10. f4 d6 11. Bd2 Nf6 12. Rae1 Be7
13. a3 O-O 14. f5 Rae8 15. fxe6 fxe6 16. Be3 Ne5 17. Nd4 Bd8 18. h3 Qd7 19. Nf3
Ng6 20. Qd2 Qc6 21. Nd4 Qc8 22. Nf3 Qc6 23. Nd4 Qc8 {1/2-1/2 Khalifman,
A-Hansen,C/Skolernes Skakklub 1997}) 9... Nf6 10. Qe2 h5 11. h3 b4 12. Nd1 Nc6
13. c3 d5 14. exd5 Nxd5 15. Be4 Nf6 16. Bf3 a5 $13 {0-1 Dimitrov,V-Georgiev,V/
BUL-ch rapid 1995/EXT 95ch (41)}) 9. Re1 (9. f4 Bb7 10. Qf3 (10. e5 b4 (10...
Nd5 11. Ne4 $14) 11. Ne2 (11. exf6 bxc3 12. Qe1 gxf6 13. bxc3 Rg8 $132) 11...
Nd5 (11... Qc6 12. Rf3) 12. Ng3 Be7 (12... Qb6+ $6 13. Kh1 Ne3 14. Bxe3 Qxe3
15. Nh5 $16) (12... d6 $5 13. Qe2 {/\ f5}) 13. Qe2 $14 {/\ 14.f5}) 10... d6 11.
a4 b4 12. Ne2 Nbd7 13. Kh1 Be7 14. Bd2 d5 15. e5 Ne4 16. Be3 O-O 17. Qh3 Rae8
$1 18. Nbd4 (18. Ned4 {Chuchelov} Ndc5 19. Nxc5 Bxc5 20. a5 Bc8 $1 {and 21..f5}
) 18... Ndc5 19. Rf3 $6 Bc8 $15 {0-1 Van de Plassche,B-Chuchelov,V/BEL-chT
1997/CBM 62/[Chuchelov] (34)}) (9. Qe2 {Ribli} Nc6 10. Bg5 Be7 11. a4 b4 12.
Nd1 O-O 13. f4 d6 14. Ne3 Re8 15. a5 Nd7 16. Bxe7 Rxe7 17. Qh5 Nf6 18. Qh4 {
1/2-1/2 Michalek,J-Berezjuk,S/CZE-chT9495 1995 (30)}) 9... Bd6 $5 $146 {
A new move and a very good decision by Smirin, who decides to divert from the
main moves and play a new interesting move which I am sure will become one of
the main moves here.} 10. g3 b4 (10... h5 $4 11. e5 $1 Bxe5 12. Rxe5 Qxe5 13.
Bf4) 11. Ne2 {an interesting move which I thought about during the game,is Nb1,
the idea is very simple to put the knight on "c4"} (11. Nb1 $5 {[%cal Gb1d2,
Gd2c4]}) 11... Nc6 12. Ned4 Nxd4 13. Nxd4 h5 $5 {an active idea,very much in
Smirin's style.the idea is to open the "h" file with h4-hxg3 and have some
dangerous threats along this file,plus the "g3"pawns becomes very weak in
certain position and black might think about a sacrifise there} 14. Bf1 $1 {
a good move,the bishop's place when you play -g3 is ofcourse "g2" so Kasparov
waste's no time immeidately transfering the bishop to "g2" where is both
defend the king and put pressure on the h1-a8 diagonal and another important
factor opens the "d" file for white's heavy pieces in some variations} h4 15.
Bg2 hxg3 16. hxg3 Bb7 17. Bd2 {this is a critical position,all the pieces are
in the game and some very important decisions must be taken now,black's king
has to saty in the center [ the best place for him ] and black must try and
create some threats since if not white will simply organize his pieces and
then black's king will not be safe any more.it seems to me that whit has
better chances in this position} Bc5 18. c3 $1 {white wants to open the
position as much as possible} (18. Nb3 Nxe4 $1 19. Nxc5 (19. Bxe4 $4 Qxg3+)
19... Nxc5 $13) 18... Qb6 19. Qe2 d5 (19... Bxd4 $6 20. cxd4 Qxd4 21. Bf4 $1
$36 {[%cal Ga1d1,Yf4d6] with strong initiative for white}) 20. e5 Ne4 21. Be3
Qc7 (21... bxc3 $6 22. bxc3 Nxc3 23. Qg4 $1 $40 {this is a very dangerous line
for black here are few examples} Bf8 $5 (23... g6 $5 24. Rac1 (24. Nxe6 Qxe6 (
24... fxe6 25. Bxc5 Qxc5 26. Qxe6+ Qe7 27. Qxg6+) (24... Bxe3 25. Rxe3 Qb2 26.
Rae1) 25. Qxe6+ fxe6 26. Bxc5 $14) 24... Qb4 25. a3 $5)) 22. c4 $1 Qxe5 23. Nb3
$2 (23. Nc6 Bxc6 24. Bxc5 $16) (23. cxd5 exd5 (23... Nxg3 $6 24. Qg4 $16) (
23... Bxd4 $6 24. Bxd4 Qxd4 25. Qxe4 Qxe4 (25... Qxb2 26. Rab1 $18) 26. Bxe4
$16) 24. Nc6 Bxc6 (24... Qd6 25. Na5 $16) 25. Bxc5 $16) 23... Bxe3 24. Qxe3 Qh5
$5 (24... dxc4 25. Bxe4 (25. Nd2 $4 Nxd2 26. Qxe5 Nf3+ 27. Kf1 (27. Bxf3 Bxf3 {
[%cal Gh8h1]}) 27... Nxe5 28. Bxb7 Ra7 $19) (25. Nd4 Qh5 $1 $19) 25... Bxe4 26.
Qxe4 Qxe4 27. Rxe4 cxb3 28. axb3 $11) 25. Qb6 Rb8 26. c5 (26. cxd5 Qh2+ 27. Kf1
Nxg3+ 28. fxg3 Qxg2+ 29. Kxg2 Bxd5+ $19) 26... Qh2+ 27. Kf1 O-O (27... Nxg3+ $5
28. fxg3 Qxg3 29. c6 (29. Qxb4 $2 Rh4 30. Qd2 (30. Qc3 $2 Rf4+ 31. Kg1 Qf2+ $19
) 30... a5 $1 $19) 29... Qf4+ 30. Kg1 Qh2+ 31. Kf1 Rh6 $40) 28. c6 Ba8 29. Qxa6
f5 $1 {this is really nice,black rook which should have attacked white's king
along the "h" file is doing now the same job on the "f" file} 30. c7 Rbe8 31.
Nd4 (31. Rac1 f4 $1 32. c8=Q Nxg3+ (32... fxg3 33. Qxe8 $1 Rxe8 34. Rc8 $18)
33. fxg3 fxg3+ 34. Ke2 Qxg2+ 35. Kd1 (35. Kd3 Qf3+ 36. Re3 Qf5+ 37. Kd2 Qf2+
38. Re2 Qf4+ $11) 35... Qf3+ 36. Kd2 Qf4+ 37. Re3 Qf2+ 38. Re2 (38. Kd1 $2 Qxe3
{[%csl Rd1]} 39. Qc5 d4 $19) 38... Qf4+ $11) (31. Rec1) 31... Nd2+ $1 (31... f4
{this was the move everyone was talking during and also after the game,it
seems as a very good chance for Smirin to beat Kasparov but it was a right
decision from Smirin who did not see the next variation but I am sure felt
it's very dangerous for him} 32. Nf3 Nxg3+ 33. fxg3 fxg3 34. Re2 d4 {[%tqu
"En","this position is quite forced after 31...f4 and it seems black has a
winning attack onlt that there is one move which changes everything and gives
white a win","","","f1e1","",10,"c7c8Q","",0]} 35. Ke1 $3 (35. c8=Q Bxf3 36.
Qaxe6+ Rxe6 37. Qxe6+ Kh8 38. Qh3+ Qxh3 39. Bxh3 Bg4+ $19) 35... Bxf3 36. Bxf3
Qg1+ 37. Kd2 Qxa1 38. c8=Q Rxc8 (38... Qxb2+ 39. Qc2) 39. Qxe6+ Kh8 40. Qh3+
$18) 32. Ke2 Qxg2 33. c8=Q $1 Qe4+ (33... Rxc8 34. Qxe6+) 34. Kd1 (34. Kxd2
Qxd4+ 35. Ke2 Qe4+ 36. Kd2 (36. Kf1 Qh1+ 37. Ke2 Qe4+) 36... Qd4+ $11) 34...
Qxd4 35. Qaxe6+ $1 {a right decision by Kasparov,maybe in a normal game he
would have thought about playing 35.Qc2 [ although I think anyway it's very
dangaerous for white ] but in a simul game he is playing for a victory over a
team and if I am not mistaken at this moment he was completely winning against
Sutovski and better against huzman so why he should try and win here??} (35.
Qc2 Ne4+ (35... Nb3+ $5 36. Qcd3 Qxd3+ 37. Qxd3 Nxa1 38. Kd2) 36. Kc1 f4 $40)
35... Rxe6 36. Qxe6+ Rf7 37. Qe8+ Rf8 38. Qe6+ Rf7 39. Qe8+ (39. Qe8+ Kh7 40.
Rh1+ Kg6 41. Qe6+ Rf6 (41... Kg5 $2 42. f4+ Kg4 43. Qg6+ Kf3 44. Qh5+ $18) 42.
Qe8+ Rf7 $11) 1/2-1/2

[Event "ISR-chT"]
[Site "Israel"]
[Date "1998.01.17"]
[Round "2"]
[White "Sutovsky, Emil"]
[Black "Har Zvi, Ronen"]
[Result "1-0"]
[WhiteElo "2595"]
[BlackElo "2510"]
[Annotator "Har Zvi,R"]
[PlyCount "47"]
[EventDate "1998.01.15"]
[EventType "team-tourn"]
[EventRounds "10"]
[EventCountry "ISR"]
[SourceTitle "CBM 064"]
[Source "ChessBase"]
[SourceDate "1998.06.02"]
[SourceVersion "1"]
[SourceVersionDate "1998.06.02"]
[SourceQuality "1"]

1. e4 c5 2. Nf3 e6 3. Nc3 a6 4. g3 b5 5. Bg2 Bb7 6. d4 cxd4 7. Nxd4 b4 (7...
Nf6 8. a3 (8. O-O b4 9. Nd5 exd5 10. exd5 Bc5 11. Re1+ Kf8 12. Bf4 h6 13. c3
Qb6 14. Be5 d6 15. Bxf6 gxf6 16. Nf5 Bxf2+ 17. Kh1 Bxe1 18. Qg4 Rg8 19. Qe4 Qd8
20. Rxe1 Rg5 {0-1 Felix,V-Rehorek,M/Sumperk op 1990 (31)}) (8. Qe2 b4 (8... Qb6
9. Nb3 d6 (9... Nc6 10. O-O d6 11. a4 b4 12. a5 Qc7 13. Na4 Ne5 14. Nb6 Rb8 15.
Ra4 Be7 16. Rxb4 d5 17. Rd4 Nc6 18. Rdd1 {1/2-1/2 Galdunts,S-Mainka,R/
Recklinghausen 1997/EXP 60}) 10. O-O Nbd7 11. a4 b4 12. a5 Qc7 13. Na2 d5 14.
Bf4 Qc4 15. Qxc4 dxc4 16. Nd2 Rc8 17. c3 bxc3 18. Nxc3 Ng4 19. Bf3 Nge5 20. Be2
Bc5 21. Ra4 Bc6 22. Ra2 Bb7 23. Ra4 Bc6 24. Ra2 Bb7 {1/2-1/2 Kraut,R-Kveinys,A/
Marbach 1994/EXT 94}) (8... d6 9. O-O Nbd7 10. Nxe6 $1 fxe6 11. e5 Bxg2 12.
exf6 Qxf6 13. Kxg2 Be7 14. Re1 Kf7 $2 (14... Rf8 $2 15. Bf4 Nc5 (15... g5 16.
Ne4 $18) 16. b4 $1 g5 17. Bxd6 $1 Bxd6 18. bxc5 $18) (14... Nc5 $1 15. Bf4 (15.
a4 b4 16. Ne4 Nxe4 17. Qxe4 Rc8 $14) 15... O-O 16. Nd5 exd5 17. Qxe7 $16) 15.
Bg5 $1 $18 {time 0-1 Liiva,R-Kveinys,A/Parnu-B 1996/CBM 52/[Gagarin] (38)} (15.
Ne4 Qg6 $1 (15... Qf5 16. g4 Qd5 17. Rd1 Qc6 18. Qf3+ Kg6 19. h4 $1 h5 20.
gxh5+ Rxh5 21. Qg4+ $18) 16. Qf3+ Qf5 $8 17. Qxf5+ exf5 18. Ng5+ Bxg5 19. Bxg5
$16)) 9. Na4 Qa5 (9... d5 10. Bg5 Be7 11. exd5 Bxd5 12. O-O-O Qa5 13. f4 Nbd7
14. b3 Bxg2 15. Qxg2 Qd5 16. Qxd5 Nxd5 17. Bxe7 Nxe7 18. Rhe1 Ra7 19. Kb2 O-O
20. a3 bxa3+ 21. Kxa3 $14 {Kupreichik,V-Sax,G/Muenster op 1996/EXP 55/1-0 (43)}
) 10. b3 Nc6 11. Be3 Nxd4 12. Bxd4 Qb5 13. Qd3 Be7 14. O-O e5 15. Be3 d5 16.
exd5 Bxd5 17. c4 {1/2-1/2 Hellers,F-Kengis,E/Skolernes Skakklub 1997}) 8... d6
(8... Nc6 9. O-O Qc7 10. Be3 Ne5 11. Nde2 Be7 12. h3 O-O 13. g4 d5 14. exd5
Rfd8 $132 {0-1 Pazos,P-Blanco Fernandez,A/Manzanillo 1991 (28)}) 9. O-O Qc7 (
9... Be7 $2 10. e5 Bxg2 11. exf6 Bxf1 12. fxe7 Qxe7 13. Qxf1 $16) 10. Re1 (10.
f4 Nc6 11. Nxc6 Bxc6 12. Qe2 Be7 13. Be3 O-O 14. Rad1 Rfe8 {1/2-1/2 Kveinys,
A-Espig,L/Muenster op 1993 (46)}) (10. Kh1 Nbd7 11. f4 Rc8 12. Nb3 {1/2-1/2
Tompa,J-Kubacsny,L/HUN tt Elektromos-Balatonalmádi 1997 (41)}) 10... Be7 11. a4
$5 $13 {Einen interessanter Zug.Weiss spielt noch eine Zug mit dem a-Bauern in
der Eroeffnung,was ist gewoenlich nicht zu empfehlen,aber die Sizilianisch ist
so konkret,das alles ist moeglich.Ribli.} (11. g4 h6 12. h4 g6 13. g5 hxg5 14.
hxg5 Nh5 15. Nde2 Nc6 16. Be3 Ne5 17. Qd4 f6 $36 {0-1 Mueller,K-Bologan,V/
Oakham 1992 (31)}) 11... b4 (11... bxa4 12. Rxa4 Nbd7) 12. Na2 O-O 13. Bg5 (13.
Nxb4 d5 {[%csl Re4][%cal Re7b4]} 14. c3 dxe4 $13) 13... Nbd7 14. Qd2 (14. Nxb4
d5 $13 15. exd5 $2 Bxb4 16. dxe6 Bxe1) 14... a5 (14... d5 15. exd5 Bxd5 16.
Bxd5 $1 Nxd5 17. Bxe7 Nxe7 18. Nxb4 $16) 15. Nb5 {[%csl Gb5]} Qb6 16. c3 (16.
Be3 Nc5) 16... Nc5 {[%csl Rb3][%cal Gc5b3,Gc5e4]} (16... bxc3 17. Naxc3 $14 {
[%csl Gb5]}) 17. Bxf6 gxf6 (17... Bxf6 $5 18. Qxd6 Nxa4 19. Qxb6 Nxb6) (17...
Nb3 $2 18. Qd1 Nxa1 19. Bxe7 $18) 18. Nd4 bxc3 19. Nxc3 $13 {1/2-1/2 Topalov,
V-Short,N/Dortmund 1997/CBM 60/[Ribli] (42)}) 8. Nce2 (8. Na4 Nf6 9. O-O (9.
Bg5 Qa5 10. Bxf6 gxf6 (10... Qxa4 11. Nxe6 $5 gxf6 (11... dxe6 12. Qd8#) (11...
fxe6 12. Qh5+ g6 13. Qh4 $18) 12. Nc7+ Kd8 13. Nxa8 Bxa8 14. O-O) 11. c3 Nc6
12. O-O Bg7 $2 {[%csl Gc5]} (12... Be7) 13. cxb4 Qxb4 14. Ne2 $1 {[%csl Gc5]
[%cal Ya1c1,Ya4c5]} Bh6 15. f4 (15. a3 Qe7 (15... Qd2 16. Qxd2 Bxd2 17. Nb6 Ra7
(17... Rd8 18. Nc4 $18) (17... Rb8 18. Rad1) 18. Rfd1 Ba5 19. Nxd7 Ke7 20. Nc5)
16. b4 $16) 15... O-O 16. Rc1 (16. Qxd7 $2 Rfd8) (16. a3 Qe7 17. b4) 16... a5
17. a3 Qe7 18. Nc5 Ba6 19. Rf2 Ra7 20. Nxa6 Rxa6 21. Nc3 $14 {1/2-1/2 Adams,
M-Kasparov,G/Fontys 1997/CBM 61/[Winants] (26)}) 9... Nxe4 10. Re1 d5 11. Nxe6
fxe6 12. Qh5+ g6 13. Qe5 Qd7 14. Qxh8 Qxa4 15. f3 Nc5 16. Bh3 Nbd7 17. Bg5 Qc6
18. Qxh7 e5 19. Re2 e4 20. fxe4 dxe4 21. Rf1 Ne5 22. Qh8 Nf7 23. Rxf7 {1-0
Kupreichik,V-Gdanski,P/Leningrad2 1989/CBM 15}) 8... Nf6 9. O-O $146 {A new
interesting move, giving up the "e4" pawn. I spent here a hugh amount of time
on my next 5 moves. I thought more than 1 hour and 10 minutes! I was left with
25 minutes for 25 moves. I was sure, that my opponent, who has usually a very
good theoretical preparation, had ananlysed this position. So I was very
surprised after the game, when he just told me: " I wanted to play something
new and interesting"! But infect I think this move is not so phantastic for
white.} (9. Bg5 Be7 10. Qd3 d6 11. O-O Nbd7 12. Bxf6 Bxf6 13. Qd2 Qb6 14. a3
bxa3 15. Rxa3 Nc5 16. b4 Nxe4 17. Qe3 d5 $17 {0-1 Gubanov,A-Sakaev,K/St.
Petersburg-ch 1995/CBM 47 (35)}) 9... Bxe4 $1 {just take the pawn do not be
afraid} (9... Nxe4 $5 {[%cal Rg2b7] this is of course another possibilty but I
thought it's better to exchange the bishop since now the knight on "e4" is
pinned}) 10. Bxe4 Nxe4 11. Nf4 Bc5 $1 {the key move in black's idea,the point
is that now in many variations white's knight on "d4" is threatened,plus
blackmay have some pressure on the "f2" pawn in other variations,it seems that
after this move it's white which should look for eqaulity} 12. Re1 (12. Ndxe6
$5 {this line took most of my attention during the game,since this is quite
direct and fast but black is OK here} dxe6 (12... fxe6 $2 13. Qh5+ Ke7 (13...
g6 14. Qe5 (14. Nxg6 Nf6) 14... O-O 15. Qxe4 $36) 14. Qe5 Bxf2+ 15. Kg2 Nf6 16.
Rxf2 $36 {[%csl Re7]}) 13. Qf3 O-O {this is of course the simplest move ,when
here white has nothing special,about equal position} (13... f5 $2 14. Nxe6 Qe7
15. Qxf5 $18) (13... Nxg3 $6 14. Rd1 (14. hxg3 Nd7 15. Nh5 O-O) 14... Ne2+ 15.
Qxe2 Qe7 $8 $13 (15... Qh4 $6 16. Nxe6 Qxf2+ (16... fxe6 17. Qxe6+ Qe7 (17...
Be7 18. Be3 $18) 18. Qc8+ Kf7 19. Qf5+ $1 (19. Qxh8 $2 Qe2) 19... Ke8 20. Bg5
$18) 17. Qxf2 Bxf2+ 18. Kxf2 fxe6 19. a3 $1 $44 {when I prefer white here}) (
15... Qf6 16. Nh5 $16)) 14. Qxe4 Nd7) (12. Qf3 Bxd4 13. Qxe4 Nc6 $17) 12... Nf6
$1 (12... d5 13. Rxe4 $1 (13. Nfxe6 {this less good because of...} fxe6 14.
Rxe4 (14. Nxe6 Bxf2+ (14... Qf6 $4 15. Nxc5 Qxf2+ 16. Kh1 Qxc5 17. Qh5+ $18 {
[%cal Ge1e4]}) 15. Kg2) 14... Bxd4 $1 {now black has this move which he does
have after 13.Rxe4} 15. Rxd4 Nc6 $132) 13... dxe4 14. Nfxe6 fxe6 (14... Qe7 $2
15. Nxg7+ Kf8 16. Bh6 $18) 15. Qh5+ g6 16. Qxc5 $16 {/|^}) 13. Be3 $6 (13. Qf3
$142 $5 {this for sure is a better move than Be3 which was played in the game}
Ra7 (13... d5 $4 14. Nfxe6 fxe6 15. Nxe6 $18) (13... Bxd4 $5 14. Qxa8 Qb6 15.
Be3 Bxe3 16. Rxe3 O-O 17. Qf3 Nc6 $44 {my opponent thought about this line and
told it's inclear but I prefer white here,and after all why should I give an
exchange for nothing??}) 14. Be3 Rc7 15. Rad1 $44) 13... Qb6 $1 14. Qf3 O-O $4
{A terrible blunder, which should lose so quickly as I managed to do, but I
felt I played good and after this blunder I had really no feeling in
continuing fighting just defending a bad position, what a pitty!!} (14... Nc6
15. Nxc6 dxc6 (15... Bxe3 $4 16. Ne5 {[%csl Ra8,Re3]}) 16. Bxc5 Qxc5 17. Nd3
$44 {when white has compensation but of course he is the one fighting for a
draw} Qb5 $1 {when white has to suffer for a long time just being a pawn down}
(17... Qd5 18. Qxd5 Nxd5 19. a3 $1 bxa3 20. Rxa3 $11 {[%csl Ra6,Rc6]})) {
[%tqu "En","black played a big mistake and missed white's next move can you
find it?","","","d4e6","",10]} 15. Ndxe6 $1 {yap! this was the move I missed,
not very pleasent one} Bxe3 $4 {this just means 'OK, I want to end this
game!!' It was neccesary to play fxe6, when black still has some compensation,
although it's clear, that white is better.} (15... fxe6 $8 16. Bxc5 Qxc5 17.
Qxa8 Nd5 $1 {[%csl Ra8]} 18. Qb7 $1 {[%csl Rd7]} (18. Nxd5 Qxf2+ 19. Kh1 Qf3+
20. Kg1 Qf2+ $11) 18... Nxf4 (18... Qxc2 19. Rac1 Qf5 (19... Qxb2 20. Rc8 $18)
20. Rc5 $1 $16 {/+-} (20. Rc8 Nxf4 21. Qxb8 Nh3+ 22. Kg2 Qxf2+ 23. Kxh3 Qf5+
$11)) 19. gxf4 Qd4 $44) (15... dxe6 16. Bxc5 Qxc5 17. Qxa8 Qxc2 18. Re2 $16)
16. Nxf8 Bxf4 17. Qxa8 Bd6 18. Nxd7 Nfxd7 19. Re8+ Bf8 {[%tqu "En","white has
a big advantage but black has some chances of creating a defence,try to
eliminate these chances as my opponent did and won quickly","","","e8c8","wins
immediately,taking the 'c7' square from the Queen and threatening the decisive
Re1-Ree8",8]} 20. Rc8 $3 $18 {wins immediately,taking the "c7" square from the
Queen and threatening the decisive Re1-Ree8} g6 21. Re1 Kg7 22. Ree8 Bd6 23.
Rg8+ Kh6 24. Qe4 (24. Qe4 Qb5 25. Qe3+ Qg5 (25... Kh5 26. Qd4) 26. Qxg5+ Kxg5
27. Rgd8 {[%cal Gc8b8]}) 1-0

[Event "Lost Boys"]
[Site "Amsterdam"]
[Date "1999.08.16"]
[Round "4"]
[White "Timman, Jan H"]
[Black "Sokolov, Ivan"]
[Result "1/2-1/2"]
[WhiteElo "2650"]
[BlackElo "2656"]
[Annotator "Hecht,H"]
[PlyCount "132"]
[EventDate "1999.08.13"]
[EventType "tourn"]
[EventRounds "7"]
[EventCountry "NED"]
[EventCategory "14"]
[SourceTitle "CBM 073"]
[Source "ChessBase"]
[SourceDate "1999.12.01"]
[SourceVersion "1"]
[SourceVersionDate "1999.12.01"]
[SourceQuality "1"]

1. Nf3 c5 2. e4 e6 3. d4 cxd4 4. Nxd4 a6 5. Nc3 b5 6. Bd3 Qb6 7. Be3 Bc5 8. Be2
Nc6 9. Nxc6 Bxe3 10. fxe3 dxc6 11. Qd4 Qxd4 12. exd4 e5 13. dxe5 Ne7 14. a4 Rb8
15. axb5 axb5 16. Bh5 b4 17. Ne2 Rb5 18. Bf3 Rxe5 19. Ra4 Rb5 20. Nd4 Rb6 21.
Kf2 O-O 22. Ra5 Rd8 23. Rd1 Ra6 24. Re5 Ng6 25. Nxc6 Rf8 26. Rc5 Rb6 27. Rd6
Kh8 28. e5 b3 29. c3 Ra6 30. Na5 Rxd6 31. exd6 Be6 32. Rb5 Rd8 33. Nc6 Rc8 34.
Rb8 Rxb8 35. Nxb8 Ne5 36. Be2 f5 37. Ke3 Nf7 38. d7 Kg8 39. Bb5 Kf8 40. Na6 Ke7
41. Nc5 Bd5 42. g3 Kd6 43. Kd4 Nd8 44. Ba4 g5 45. c4 Bf3 46. Nxb3 Bd1 47. Kc3
f4 48. gxf4 gxf4 49. Nc5 Bxa4 50. Nxa4 {[#]} Nc6 51. Nb6 {Angesichts der
verbundenen Freibauern sollte es einen klaren Gewinn für Weiß geben.} ({
Ich schlage} 51. Kd3 Kxd7 52. Ke4 f3 53. Kxf3 Ne5+ 54. Ke4 {oder sogar Kf4}
Nxc4 55. b4 $18 {vor.}) 51... f3 52. Kd3 Kc5 53. Nd5 Ne5+ 54. Ke3 Nxd7 55. b3
Ne5 56. h4 Nc6 57. Nf6 Kb4 58. Kxf3 Kxb3 59. c5 Kc4 {Im Gegensatz zur Variante
im 51. Zug stehen die schwarzen Steine viel aktiver und der c-Bauer ist
schwächer als der b-Bauer, weil Schwarz über die Leiche des c-Bauern schneller
am Königsflügel präsent ist.} 60. Nd7 Kd5 61. Kf4 Nd4 62. Nf6+ Kxc5 63. Ke4 h6
64. Ng4 h5 65. Nf6 Nc6 66. Nxh5 Kd6 {[%cal Yd6e7,Ye7f8]} 1/2-1/2